| 000 | 00593nam a22001457a 4500 | ||
|---|---|---|---|
| 008 | 150609b xxu||||| |||| 00| 0 eng d | ||
| 020 | _a9789710161935 | ||
| 050 |
_aPL 6053 _bSA237 2015 |
||
| 100 | _aSantos, Christiana S. | ||
| 245 |
_aDiwatik : _bmodyul sa filipino (baitang 10) batay sa kurikulum ng k-12 ikatlong markahan .-- _cCristiana S. Santos ; Gabriel B. Bautista Jr. ; Edited by Robinson K. Cedre |
||
| 260 |
_aMalabon City _bJimczyville Publications _cc2015 |
||
| 300 |
_ai, 72 p., _c; 27 cm. _eManual |
||
| 700 | _aBautista, Gabriel Jr., Cedre, Robinson K. | ||
| 942 |
_2lcc _cBK |
||
| 999 |
_c285095 _d285095 |
||